000 00467cam a2200169ua 4500
003 OSt
008 241226b |||||||| |||| 00| 0 eng d
020 _a9780070699724
082 _a621.3192
_bSUD/CI
100 _aSudhakar, A .
_91376
100 _aShyammohan, S.P .
_91377
245 _aCircuits and Networks: Analysis and Synthesis /
250 _a4 /
260 _aNew Delhi :
_bTata Mc-Graw Hill Publishing Company ,
_c2007.
300 _a972
942 _cBK
999 _c10805
_d10805